000 00588nam a2200229Ia 4500
003 OSt
005 20220928101801.0
006 a|||||r|||| 00| 0
007 ta
008 220927b |||||||| |||| 00| 0 eng d
024 _a55077
037 _cTextual
040 _aSDCL
_cSDCL
_beng
041 _2eng
_aeng
082 _aO152,3N113,15, M7
100 _aNagarjun
_9393302
245 0 _aBam Bhole Nath.
260 _aNew Delhi
_bVani Prakashan
_c1987
300 _a126p.
_ccm.
942 _hO152,3N113,15, M7
_cTEXL
_2CC
999 _c710741
_d710741